000 00678nam a2200289Ia 4500
005 20260324121425.0
008 008 260324s9999 xx 000 0 eng d
020 _a9780203081532
037 _aEBOOK
040 _aCRL
040 _beng
040 _cCRL
041 _2eng
041 _aeng
084 _qCRL
100 _aNathan R. Kozuskanich
_91162467
245 0 _aBenjamin Franklin
245 0 _bAmerican Founder, Atlantic Citizen
260 _bTaylor and Francis
260 _c2014
365 _a
365 _b265
856 _uhttp://www.taylorfrancis.com/books/9780203081532
942 _cEBOOK
999 _c1754551
_d1754551